Name a Valid City - Statistics

General Stats
  • This quiz has been taken 162 times
    70 since last reset
  • The average score is 9 of 10
Answer Stats
Name a city... Cities % Correct
with more than five million people in Egypt Cairo|Alexandria
97%
which is a Brazilian megacity Sao Paulo|Rio de Janeiro
97%
which is one out of the three most international touristy cities Paris|Dubai|Madrid
95%
which is also a city state Monaco|Singapore|Vatican City
89%
with more than 100 michelin star restaurants Tokyo|Paris|Kyoto
89%
with more than 1.3 million jews Tel Aviv|New York City
85%
which is a capital less than 3 miles away from another capital Brazzaville|Kinshasa|Rome|Vatican City
83%
which is a capital in the Himalayas Kathmandu|Thimphu
83%
with more than 1 million people and on the Baltic Sea Saint Petersburg|Stockholm|Copenhagen|Helsinki
79%
with an average elevation of over 3,200 meters La Paz|Cuzco|El Alto|Quito
74%
No matching quizzes found
Score Distribution
Percent of People with Each Score
Percentile by Number Answered
Your Score History
You have not taken this quiz since the last reset